[Event "Muscat-ch op"]
[Site "Muscat"]
[Date "2024.12.31"]
[Round "9"]
[White "Al Maqbali, Saif"]
[Black "Mohammed, Al Ryami"]
[Result "0-1"]
[WhiteElo "1511"]
[BlackElo "1697"]
[PlyCount "100"]
[EventDate "2024.12.26"]
[EventType "swiss"]
[EventRounds "9"]
[EventCountry "OMN"]
[SourceTitle "CB01_2025"]
[SourceDate "2025.01.01"]
[SourceVersion "1"]
[SourceVersionDate "2025.01.01"]
[SourceQuality "1"]

1. e4 c5 2. Nf3 d6 3. d4 cxd4 4. Nxd4 Nf6 5. Nc3 g6 6. f3 Bg7 7. Be3 0-0 8. Qd2 Nc6 9. 0-0-0 Bd7 10. h4 h5 11. Kb1 Ne5 12. Be2 a6 13. Rdg1 Qc8 14. Nd5 Nxd5 15. exd5 f5 16. Bg5 Qe8 17. Re1 Qf7 18. f4 Ng4 19. Bxg4 fxg4 20. Rxe7 Qxd5 21. Rxd7 Bxd4 22. Rd1 Qb5 23. Qxd4 Qxd7 24. b3 Rae8 25. g3 d5 26. c4 Qf5+ 27. Ka1 Qc2 28. Qxd5+ Rf7 29. Qd3 Re2 30. Qxc2 Rxc2 31. Rd3 Rf2 32. Kb1 Rf3 33. Kc2 Rxd3 34. Kxd3 Rd7+ 35. Ke2 Kf7 36. a4 Ke6 37. Bh6 Kf5 38. Bg7 Ke4 39. Be5 Rd3 40. b4 Ra3 41. a5 Rb3 42. Bd6 Rb2+ 43. Kd1 Kd3 44. Ke1 Kxc4 45. Bc5 Rxb4 46. Bf2 Kd3 47. Kf1 Rb1+ 48. Kg2 Ke4 49. Bc5 Rb2+ 50. Bf2 Ra2 0-1

[Event "Muscat-ch op"]
[Site "Muscat"]
[Date "2024.12.29"]
[Round "6"]
[White "Mohammed, Al Ryami"]
[Black "Fawaz, Mohamad"]
[Result "0-1"]
[WhiteElo "1697"]
[BlackElo "1893"]
[PlyCount "31"]
[EventDate "2024.12.26"]
[EventType "swiss"]
[EventRounds "9"]
[EventCountry "OMN"]
[SourceTitle "CB01_2025"]
[SourceDate "2025.01.01"]
[SourceVersion "1"]
[SourceVersionDate "2025.01.01"]
[SourceQuality "1"]

1. d4 d5 2. Nc3 Nf6 3. Bf4 a6 4. e3 h6 5. Bd3 e6 6. a3 c5 7. dxc5 Bxc5 8. Nf3 b5 9. 0-0 Nc6 10. Ne5 Nxe5 11. Bxe5 Bd6 12. Bxd6 Qxd6 13. f3 0-0 14. e4 Bb7 15. Re1 dxe4 16. Nxe4 0-1

[Event "Muscat-ch op"]
[Site "Muscat"]
[Date "2024.12.28"]
[Round "5"]
[White "Al Saidi, Mohammed Khalfan"]
[Black "Mohammed, Al Ryami"]
[Result "1/2-1/2"]
[WhiteElo "1875"]
[BlackElo "1697"]
[PlyCount "24"]
[EventDate "2024.12.26"]
[EventType "swiss"]
[EventRounds "9"]
[EventCountry "OMN"]
[SourceTitle "CB01_2025"]
[SourceDate "2025.01.01"]
[SourceVersion "1"]
[SourceVersionDate "2025.01.01"]
[SourceQuality "1"]

1. d4 Nf6 2. c4 c5 3. d5 b5 4. Na3 bxc4 5. Nxc4 d6 6. g3 g6 7. Bg2 Bg7 8. e4 0-0 9. e5 Ne8 10. exd6 Nxd6 11. Ne3 Nd7 12. Ne2 Rb8 1/2-1/2

[Event "Muscat-ch op"]
[Site "Muscat"]
[Date "2024.12.28"]
[Round "4"]
[White "Mohammed, Al Ryami"]
[Black "Al Mashikhi, Salim Aliyan"]
[Result "1-0"]
[WhiteElo "1697"]
[BlackElo "1959"]
[PlyCount "51"]
[EventDate "2024.12.26"]
[EventType "swiss"]
[EventRounds "9"]
[EventCountry "OMN"]
[SourceTitle "CB01_2025"]
[SourceDate "2025.01.01"]
[SourceVersion "1"]
[SourceVersionDate "2025.01.01"]
[SourceQuality "1"]

1. d4 d5 2. Nc3 Nf6 3. Bf4 g6 4. e3 Bg7 5. Bd3 0-0 6. h3 a6 7. Nf3 Nbd7 8. b4 b6 9. Na4 Bb7 10. Ne5 Nxe5 11. Bxe5 Qd7 12. Nb2 Qc6 13. Qd2 Nd7 14. Bxg7 Kxg7 15. f3 e5 16. c4 exd4 17. exd4 Rfe8+ 18. Kf2 Qf6 19. Bc2 c5 20. Rad1 Qh4+ 21. Kf1 cxd4 22. Qxd4+ Qxd4 23. Rxd4 Rac8 24. Kf2 Nf6 25. Re1 Re6 26. Bb3 1-0

[Event "Suhar op"]
[Site "Suhar"]
[Date "2024.12.13"]
[Round "3"]
[White "Ahmed, Ali"]
[Black "Mohammed, Al Ryami"]
[Result "1-0"]
[WhiteElo "1894"]
[BlackElo "1697"]
[PlyCount "135"]
[EventDate "2024.12.12"]
[EventType "swiss"]
[EventRounds "7"]
[EventCountry "OMN"]
[SourceTitle "CB52_2024"]
[SourceDate "2024.12.25"]
[SourceVersion "1"]
[SourceVersionDate "2024.12.25"]
[SourceQuality "1"]

1. Nf3 d5 2. g3 c5 3. Bg2 Nf6 4. d3 Nc6 5. 0-0 e5 6. c4 d4 7. e3 Bf5 8. exd4 exd4 9. Re1+ Be7 10. Ne5 Nxe5 11. Rxe5 Bc8 12. Qe1 Kf8 13. Bg5 Bd7 14. Nd2 Bd6 15. Rd5 Bc6 16. Bxf6 Qxf6 17. Ne4 Qe7 18. Rf5 g6 19. Qd2 Bxe4 20. Qh6+ Kg8 21. dxe4 gxf5 22. exf5 Be5 23. Re1 Bg7 24. Qxg7+ Kxg7 25. Rxe7 Rhe8 26. Rxb7 Rab8 27. Rxa7 Rxb2 28. Bd5 Ree2 29. Rxf7+ Kh6 30. h4 Re8 31. g4 Rxa2 32. Bf3 Rg8 33. g5+ Rxg5+ 34. hxg5+ Kxg5 35. Rxh7 Rc2 36. Rh5+ Kf6 37. Bd5 d3 38. Be4 Rc1+ 39. Kg2 d2 40. Bf3 Rxc4 41. Rh1 Rd4 42. Rh6+ Kxf5 43. Rh5+ Kf6 44. Rxc5 d1Q 45. Bxd1 Rxd1 46. Kg3 Rg1+ 47. Kf4 Ra1 48. Rc6+ Kf7 49. Kg4 Rg1+ 50. Kf5 Ra1 51. Rc7+ Ke8 52. f4 Rg1 53. Kf6 Ra1 54. f5 Re1 55. Rc8+ Kd7 56. Rc5 Ke8 57. Rc6 Kd7 58. Re6 Rh1 59. Re3 Rg1 60. Kf7 Kd6 61. f6 Rf1 62. Re2 Rf3 63. Rd2+ Ke5 64. Ke7 Rh3 65. f7 Ra3 66. f8Q Ra7+ 67. Rd7 Ra6 68. Qb8+ 1-0

[Event "Suhar op"]
[Site "Suhar"]
[Date "2024.12.13"]
[Round "4"]
[White "Mohammed, Al Ryami"]
[Black "Haidar, Bachar"]
[Result "1-0"]
[WhiteElo "1697"]
[BlackElo "1480"]
[PlyCount "97"]
[EventDate "2024.12.12"]
[EventType "swiss"]
[EventRounds "7"]
[EventCountry "OMN"]
[SourceTitle "CB52_2024"]
[SourceDate "2024.12.25"]
[SourceVersion "1"]
[SourceVersionDate "2024.12.25"]
[SourceQuality "1"]

1. c4 d6 2. g3 Nf6 3. Bg2 g6 4. Nc3 Bg7 5. e3 c6 6. d4 0-0 7. Nge2 Nbd7 8. 0-0 e5 9. d5 Qc7 10. dxc6 bxc6 11. Nb5 cxb5 12. Bxa8 bxc4 13. Nc3 Ba6 14. Qf3 Nb6 15. Bd5 Bc8 16. Qd1 Nbxd5 17. Nxd5 Nxd5 18. Qxd5 Bb7 19. Qd1 Qc6 20. f3 e4 21. f4 d5 22. Qe2 Qb6 23. Re1 Rb8 24. Rb1 Bc6 25. Bd2 Qa6 26. Bc3 Qxa2 27. Bxg7 Kxg7 28. Qd2 f6 29. Qd4 Qa5 30. Ra1 Qb4 31. Rxa7+ Rb7 32. Rea1 Kh6 33. Rxb7 Bxb7 34. Qxf6 Qd2 35. Qc3 Qe2 36. Re1 Qg4 37. Qf6 Qd7 38. f5 Qxf5 39. Rf1 Qg5 40. Qf8+ Kh5 41. Rf4 Qe5 42. Qd8 g5 43. g4+ Kh4 44. Rf5 Qg7 45. Qd6 Kxg4 46. Qe6 Kh5 47. Rf7 Qh8 48. Qf5 h6 49. Rf6 1-0

[Event "Salalah Dhofar op"]
[Site "Salalah"]
[Date "2024.07.27"]
[Round "5"]
[White "Mohammed, Al Ryami"]
[Black "Medhat, Magdy"]
[Result "0-1"]
[WhiteElo "1735"]
[BlackElo "1869"]
[PlyCount "126"]
[EventDate "2024.07.25"]
[EventType "swiss"]
[EventRounds "7"]
[EventCountry "OMN"]
[SourceTitle "EXT 2025"]
[Source "ChessBase"]
[SourceDate "2024.10.14"]
[SourceVersion "1"]
[SourceVersionDate "2024.10.14"]
[SourceQuality "1"]

1. c4 e5 2. g3 f5 3. Bg2 Nf6 4. Nc3 Bc5 5. d3 0-0 6. e3 c6 7. d4 exd4 8. exd4 Bb4 9. d5 Re8+ 10. Nge2 Bxc3+ 11. bxc3 Qe7 12. Be3 Ng4 13. Bd2 Na6 14. h3 Ne5 15. 0-0 Nxc4 16. Nd4 Qf6 17. Re1 Rxe1+ 18. Qxe1 Nxd2 19. Qxd2 Nc7 20. Qf4 Nxd5 21. Bxd5+ cxd5 22. Qc7 f4 23. Re1 fxg3 24. fxg3 Qf8 25. Rf1 Qe8 26. Qd6 h6 27. Qxd5+ Kh7 28. Nf5 d6 29. Qd3 Bxf5 30. Rxf5 Qg6 31. Qf3 Re8 32. h4 Qe6 33. Rf7 Qe3+ 34. Kg2 Qxf3+ 35. Kxf3 Rc8 36. Ke4 Rxc3 37. Rxb7 Rxg3 38. Rxa7 Rg4+ 39. Kd5 Rxh4 40. Kxd6 Rc4 41. a4 h5 42. Kd5 Rc1 43. Re7 Kh6 44. a5 Ra1 45. Re6+ Kg5 46. a6 h4 47. Re7 g6 48. a7 h3 49. Ke4 Kg4 50. Ke3 h2 51. Rh7 Kg3 52. Ke2 Kg2 53. Rg7 Ra2+ 54. Ke3 h1Q 55. Rxg6+ Kf1 56. Rf6+ Ke1 57. Rd6 Qg1+ 58. Kf3 Qf2+ 59. Kg4 Ra4+ 60. Kh5 Qf5+ 61. Kh6 Rh4+ 62. Kg7 Rh7+ 63. Kg8 Qf7# 0-1

[Event "OMA-ch Clubs 7th"]
[Site "Muscat"]
[Date "2024.07.14"]
[Round "5.1"]
[White "Mohammed, Al Ryami"]
[Black "Yasser, Hamdan"]
[Result "0-1"]
[WhiteElo "1735"]
[BlackElo "1666"]
[PlyCount "94"]
[EventDate "2024.07.11"]
[EventType "team-swiss"]
[EventRounds "9"]
[EventCountry "OMN"]
[SourceTitle "EXT 2025"]
[Source "ChessBase"]
[SourceDate "2024.10.14"]
[SourceVersion "1"]
[SourceVersionDate "2024.10.14"]
[SourceQuality "1"]
[WhiteTeam "Al Musanna"]
[BlackTeam "Saham"]
[WhiteTeamCountry "OMN"]
[BlackTeamCountry "OMN"]

1. c4 b6 2. g3 Bb7 3. Nf3 e5 4. Bg2 f5 5. d3 Nf6 6. 0-0 d6 7. Nc3 Be7 8. Re1 0-0 9. e3 Nbd7 10. b3 Rb8 11. Qc2 Qe8 12. d4 Bxf3 13. Bxf3 e4 14. Bd1 Qg6 15. Ne2 h5 16. Nf4 Qh6 17. h4 Ng4 18. Bxg4 hxg4 19. Bb2 g5 20. hxg5 Bxg5 21. Kf1 Bxf4 22. gxf4 Qh1+ 23. Ke2 Qf3+ 24. Kd2 Qxf2+ 25. Re2 Qg3 26. Rh1 Kf7 27. c5 Rh8 28. Rxh8 Rxh8 29. cxd6 cxd6 30. Qc6 Ke7 31. Ba3 Rh6 32. Qd5 Qh3 33. Qxf5 Nf6 34. Qe5+ Kf7 35. Bxd6 g3 36. f5 g2 37. Qe7+ Kg8 38. Qd8+ Kf7 39. Qc7+ Kg8 40. Re1 Qxf5 41. Qd8+ Kf7 42. Qe7+ Kg6 43. Be5 Qf2+ 44. Kd1 Qxe1+ 45. Kxe1 g1Q+ 46. Kd2 Qf2+ 47. Kc3 Nd5+ 0-1

[Event "OMA-ch 11th"]
[Site "Muscat"]
[Date "2024.01.30"]
[Round "8"]
[White "Mohammed, Al Ryami"]
[Black "Al Hosni, Khalfan"]
[Result "0-1"]
[WhiteElo "1509"]
[BlackElo "1607"]
[PlyCount "71"]
[EventDate "2024.01.24"]
[EventType "swiss"]
[EventRounds "9"]
[EventCountry "OMN"]
[SourceTitle "CBM 218 Extra"]
[Source "ChessBase"]
[SourceDate "2024.03.31"]
[SourceVersion "1"]
[SourceVersionDate "2024.03.31"]
[SourceQuality "1"]

1. c4 Nf6 2. g3 g6 3. Bg2 Bg7 4. Nc3 e5 5. d3 d6 6. e3 Nbd7 7. a3 c6 8. Nge2 a5 9. Rb1 0-0 10. b4 axb4 11. axb4 Re8 12. 0-0 Nf8 13. b5 Bd7 14. Qb3 Ne6 15. Ba3 Bf8 16. d4 exd4 17. exd4 Ng5 18. Bc1 Nh3+ 19. Kh1 h5 20. Nf4 Qc8 21. bxc6 bxc6 22. Qb7 Nxf4 23. Bxf4 Ra3 24. Qxc8 Rxc8 25. Ne4 Nxe4 26. Bxe4 Bh3 27. Rfc1 Ra2 28. Rc2 Rxc2 29. Bxc2 Re8 30. Bd3 d5 31. cxd5 cxd5 32. Bd2 Bg7 33. Rb4 Ra8 34. Bc3 Ra3 35. Rb8+ Kh7 36. Bd2 0-1

[Event "OMA-ch 11th"]
[Site "Muscat"]
[Date "2024.01.28"]
[Round "6"]
[White "Mohammed, Al Ryami"]
[Black "Al Muharbi, Imran"]
[Result "1/2-1/2"]
[WhiteElo "1509"]
[BlackElo "1366"]
[PlyCount "79"]
[EventDate "2024.01.24"]
[EventType "swiss"]
[EventRounds "9"]
[EventCountry "OMN"]
[SourceTitle "CBM 218 Extra"]
[Source "ChessBase"]
[SourceDate "2024.03.31"]
[SourceVersion "1"]
[SourceVersionDate "2024.03.31"]
[SourceQuality "1"]

1. c4 g6 2. g3 Bg7 3. Bg2 e5 4. Nc3 c6 5. e3 Ne7 6. Nge2 d5 7. cxd5 cxd5 8. Qb3 d4 9. exd4 exd4 10. Nd5 0-0 11. Nxe7+ Qxe7 12. d3 Nc6 13. Qd1 Re8 14. f3 Nb4 15. a3 Nd5 16. Rg1 Qc5 17. Bd2 Nc3 18. Rc1 Nxd1 19. Rxc5 Nxb2 20. Rb5 Nxd3+ 21. Kf1 Be6 22. Rxb7 Bc4 23. Rc7 Ba6 24. f4 Rab8 25. Bd5 Rxe2 26. Bxf7+ Kf8 27. Kxe2 Ne5+ 28. Kf2 Nxf7 29. Bb4+ Kg8 30. Rxa7 Bc4 31. Rc7 Bb3 32. Rb1 Ba2 33. Rb2 Bd5 34. Rd2 Nh6 35. h3 Rd8 36. a4 Nf5 37. g4 Nd6 38. Re2 Ne4+ 39. Ke1 g5 40. Re7 1/2-1/2

[Event "OMA-ch 10th"]
[Site "Muscat"]
[Date "2023.02.17"]
[Round "2"]
[White "Al Saidi, Mohammed Khalfan"]
[Black "Mohammed, Al Ryami"]
[Result "0-1"]
[WhiteElo "1676"]
[BlackElo "1469"]
[PlyCount "40"]
[EventDate "2023.02.16"]
[EventType "swiss"]
[EventRounds "9"]
[EventCountry "OMN"]
[SourceTitle "EXT 2024"]
[Source "ChessBase"]
[SourceDate "2023.10.10"]
[SourceVersion "1"]
[SourceVersionDate "2023.10.10"]
[SourceQuality "1"]

1. d4 d5 2. c4 c5 3. dxc5 e6 4. cxd5 Bxc5 5. Nc3 Nf6 6. e4 exd5 7. exd5 0-0 8. Be2 Qb6 9. Bf3 Bxf2+ 10. Kf1 a6 11. Qe2 Bd4 12. Qd3 g6 13. Nge2 Bf2 14. Na4 Qa7 15. Bh6 Rd8 16. Qc3 Ne8 17. Bg5 f6 18. Bxf6 Nxf6 19. Qxf6 Rf8 20. Qe7 Rxf3 0-1